000 00302nam a2200121Ia 4500
008 190216s9999||||xx |||||||||||||| ||und||
100 _aLakhmar Singh And Manjit Kaur
245 0 _aPhysics For Secondary Schools
260 _bEurasia Pub-Ltd
_c1986
300 _a387p
650 _aPhysics
942 _cBK
999 _c33044
_d33044